000 00251nam a2200121Ia 4500
008 190216s9999||||xx |||||||||||||| ||und||
100 _aMadavan Kutty
245 0 _aManomi
260 _bCurrent Books
300 _a54
650 _aNovel
942 _cBK
999 _c29454
_d29454